Pays dont la capitale commence par W/Y - Statistiques

Statistiques générales
  • Ce quiz a été pris 61 fois
  • Le résultat moyen est 5 sur 6
Answers on the Grid
Answers color-coded by a green-red scale on the quiz's grid according to % correct below.
États-Unis
Nouvelle-Zélande
Namibie
Côte d'Ivoire
Cameroun
Nauru
Pologne
États Fédérés de Micronésie
Birmanie
Soudan du Sud
 
Statistiques - réponses
Réponse % Correct
Washington États-Unis
96%
Wellington Nouvelle-Zélande
94%
Yaoundé Cameroun
74%
Yamoussoukro Côte d'Ivoire
70%
Windhoek Namibie
59%
Yaren Nauru
57%
Aucun quiz correspondant
Distribution des résultats
% des personnes avec chaque résultat
Percentile par nombre de réponses
Votre historique - résultats
Vous n’avez pas pris ce quiz